Latvia and the Latvians
| Titel: | Latvia and the Latvians |
|---|---|
| Verfasser: | |
| In: |
The nationalities question in the post-Soviet states, (1996), Seite 147-169 alle Artikel anzeigen |
| Veröffentlicht: | 1996 |
| Format: | Aufsatz |
| Sprache: | Englisch |
X
alg: 39289403
001A $01999:11-11-16
001B $01999:27-04-21 $t20:52:09.000
001D $01999:11-11-16
001U $0utf8
001X $00
002@ $0Aox
003@ $0392894033
007A $0392894033 $aHEB
007T $0Herde10325
010@ $aeng
011@ $a1996
021A $aLatvia and the Latvians
028A $aSmith $dGraham
031A $h147-169 $j1996
039B $aIn $8--Aau--. The @nationalities question in the post-Soviet states. - 2. ed.. - London {[u.a.] : Longman, 1996. - XIX, 523 S.. - Kt.. - ISBN 0-582-21808-x $x199600000000000853 $9046284427
045F $a304.6094796 $eDDC23BSB
045F/01 $a304.609
045F/03 $g4796
lok: 39289403 78
exp: 39289403 78 1 #EPN
201B/01 $019-04-17 $t11:40:11.000
201U/01 $0utf8
203@/01 $0789004305
208@/01 $a11-11-16 $be
209A/01 $a/ $f000 $x00
220C/01 $aTitelaufnehmer: pk
220C/01 $aHerkunft: Baltische Bibliographie / P. Kaegbein
244Z/01 $2Trx $#Latvija $#Lettland $#Łotwa $#Lotyšsko $8--Trx--Latvija $x01 $9391275879
244Z/01 $2Trx $#lätlased $#latviai $#Latvians $#lettek $#Łotysze $#Lotyši $#Lotyši $8--Trx--Letten $x02 $9391367196
244Z/01 $2Trx $8--Trx--Einzelbeiträge $x03 $9391384570
245Z/01 $a08.01 $x01
247C/01 $82080>Marburg/Lahn, Herder-Institut, Forschungsbibliothek, Bibliographieportal $9336309341
| LEADER | 00000caa a22000002c 4500 | ||
|---|---|---|---|
| 001 | 392894033 | ||
| 003 | DE-603 | ||
| 005 | 20210427205209.0 | ||
| 007 | tu | ||
| 008 | 161111s1996 xx |||| | u00||u|eng c | ||
| 035 | |a (DE-599)HEB392894033 | ||
| 040 | |a DE-603 |b ger |c DE-603 |d DE-603 | ||
| 041 | |a eng | ||
| 082 | 0 | 4 | |8 1\u |a 304.6094796 |q DE-101 |2 23/BSB |
| 085 | |8 1\u |b 304.609 | ||
| 085 | |8 1\u |z 2 |s 4796 | ||
| 100 | 1 | |a Smith, Graham | |
| 245 | 0 | 0 | |a Latvia and the Latvians |
| 264 | 0 | |c 1996 | |
| 773 | 0 | 8 | |i In |t The nationalities question in the post-Soviet states |b 2. ed. |d London [u.a.] : Longman, 1996 |h XIX, 523 S., Kt. |z 058221808x |z 0582218098 |g (1996), Seite 147-169 |w (DE-603)046284427 |
| 924 | 0 | |9 2080 |a (DE-603)789004305 |b DE-2080 |c HES |d d |g / | |


